El cristianismo no es un humanismo : apuntes para una teología del mundo / [por] José Ruiz González Ruiz ; pról. de M. D. Chenu

שמור ב:
מידע ביבליוגרפי
מחבר ראשי: González Ruiz, José María (autor)
פורמט: ספר
סדרה:Ediciones de bolsillo ; 94
נושאים:
תגים: הוספת תג
אין תגיות, היה/י הראשונ/ה לתייג את הרשומה!

MARC

LEADER 00000nam^a2200000^u^4500
001 000540703
005 20250521000000.0
008 060220s1000^^^^^^^^^^^^r^^^^^000^0^spa^d
009 20260310131208.724
035 |a FMI 000008794 
037 |a Acervo Xavier Clavigero 
096 |a 5.6.6/34/B 
100 |a González Ruiz, José María  |e (autor) 
245 1 3 |a El cristianismo no es un humanismo : apuntes para una teología del mundo / [por] José Ruiz González Ruiz ; pról. de M. D. Chenu 
264 |a Barcelona : Península, 1970 
300 |a 229 p. 
336 |a texto  |b txt  |2 rdacontenido 
337 |a sin mediación  |b n  |2 rdamedio 
338 |a volumen  |b nc  |2 rdasoporte 
440 0 |a Ediciones de bolsillo ; 94 
649 |a XX 
650 |a Hombre y Mundo Actual 
910 |a Fondo Francisco Migoya Covarrubias S.J. 
920 |a Impresos - Libros 
930 |a Fondos Especiales 
905 |a 134 
901 |a SBC09156  |b IT2  |c ESP  |u 20250521 
902 |a https://opac.biblio.iteso.mx/vufind/Record/000540703